00490nam a22001457a 4500003000900000005001700009007000300026008003100029040002600060082001000086100003700096245010700133260007300240300003100313DO-SdBNP20211008110205.0ta210608b 2020 dr a 00| 0 eng d aDO-SdBNPbspacBNPHU  42BNPHU1 aCamogli Jiménez, José Manuel10aGuía del camarero en el servicio :b restaurante de especialidad /cJosé Manuel Camogli Jiménez. aSantiago de los Caballeros, República Dominicana : bs.n., c2020. a146 p. : bil. ; c28 cm.